Responses for show #6144 - Thursday, May 5, 2011

2011 Teachers Tournament quarterfinal game 4.

Contestants

Sally Umbach, a third grade special education teacher from Cincinnati, Ohio

Charles Temple, a high school English teacher from Ocracoke, North Carolina

Grafton Brown, a high school Spanish teacher from Chicago, Illinois

Jeopardy! Round responses

CINCO DE MAYO BIRTHDAYS
SAME TITLE, DIFFERENT SONG
LOW TECH
POLITICIANS MAKE ME CUSS
U.S. GEOGRAPHY
ALL "AMERICAN"
    $200 26
(Sally: Who is Engel?)

(Karl) Marx

CharlesSally
    $200 11
"Crazy"

Charles
    $200 16
a wedge

Charles
    $200 21
Pete's

Charles
    $200 1
California

Charles
    $200 6
the American Red Cross

Grafton
    $400 27
Copenhagen

Sally
    $400 12
"My Love"

Charles
    $400 17
pencils

Grafton
    $400 22
Mike

Grafton
    $400 2
Colorado

Charles
    $400 7
American Sign Language

Sally
    $600 28
Greece

Charles
    $600 13
"C'est La Vie"

Sally
    $600 18
a cup

Sally
    $600 23
Betsy

Charles
    $600 3
the Salt Lake

Sally
    $600 8
the American Kennel Club

Sally
    $800 29
(Sally: Who is Terry Gilliam?)

(Michael) Palin

CharlesSally
    $800 14
"Candyman"

Sally
    $800 19
Scotch

Grafton
    $800 24
Louise

Sally
    $800 4
the Seward peninsula

Grafton
    $800 9
American Gothic

Sally
    $1000 30
(Sally: Who's Cornell?)

James Beard

Sally
Triple Stumper
    $1000 15
"Honey"

Sally
    $1000 20
needlepoint

Triple Stumper
    $1000 25
land

Sally
    $1000 5
(Charles: What is 54-40?)

the 49th parallel

Charles
Triple Stumper
    $500 10
American Samoa

Sally

Scores at the first commercial break (after clue 14):

Grafton Charles Sally
$1,000 $200 $4,300

Scores at the end of the Jeopardy! Round:

Grafton Charles Sally
$2,600 $2,800 $6,100

Double Jeopardy! Round responses

SCIENTISTS
ELIZABETH TAYLOR FILMS
WHY SO BLUE?
JURY DUTY
WHEN IN ROME?
EPONYMS
    $400 1
(Jonas) Salk

Sally
    $400 2
Cleopatra

Charles
    $400 18
the spruce

Charles
    $400 10
hung

Charles
    $400 3
1944

Charles
    $400 8
a doubting Thomas

Charles
    $800 14
(Charles) Darwin

Charles
    $800 27
(Charles: What is Blue Velvet?)

National Velvet

GraftonCharles
    $800 19
turquoise

Grafton
    $800 23
a grand jury

Charles
    $800 4
the 16th

Sally
    $800 9
a madame pompadour

Grafton
    $1200 15
Linus Pauling

Triple Stumper
    $1200 28
Cat on a Hot Tin Roof

Grafton
    $1200 20
Tiffany

Charles
    $1200 24
court-martial

Grafton
    $1200 5
(Sally: What are the '30s?)
(Grafton: What are the 1940s?)

the 1920s

GraftonCharlesSally
    $2,400 11
to boycott

Charles
    $2,000 16
Pavlov

Charles
    $1600 29
Who's Afraid of Virginia Woolf?

Charles
    $1600 21
lapis lazuli

Grafton
    $1600 25
sequestering

Charles
    $1600 6
1st (A.D.)

Charles
    $1600 12
Croesus

Charles
    $2000 17
(Charles: Who is Einstein?)

Doppler

Charles
Triple Stumper
    $2000 30
Giant

Charles
    $2000 22
a marlin

Charles
    $2000 26
a peremptory challenge

Triple Stumper
    $2000 7
Christmas

Charles
    $2000 13
(Sally: What is a dahlia?)

a zinnia

Sally
Triple Stumper

Scores at the end of the Double Jeopardy! Round:

Grafton Charles Sally
$7,800 $22,800 $4,100
(lock game)

Final Jeopardy! Round responses

WORLD LEADERS
SallyWho is Gorbachev?
$3,000
GraftonWho is Brada?
$2,800
CharlesWho is Havel?
$2,200
Mikhail Gorbachev

Final scores:

Grafton Charles Sally
$5,000 $20,600 $7,100
3rd place: $5,000 if eliminated Automatic semifinalist 2nd place: $5,000 if eliminated

Game dynamics:

Coryat scores:

Grafton Charles Sally
$7,800 $21,200 $4,600
11 R,
1 W
28 R
(including 2 DDs),
3 W
14 R
(including 1 DD),
5 W

Combined Coryat: $33,600

The J! Archive is created by fans, for fans. The Jeopardy! game show and all elements thereof, including but not limited to copyright and trademark thereto, are the property of Jeopardy Productions, Inc. and are protected under law. This website is not affiliated with, sponsored by, or operated by Jeopardy Productions, Inc. Join the discussion at JBoard.tv.